000 00724nam a2200265Ia 4500
003 OSt
005 20220918164424.0
006 a|||||r|||| 00| 0
007 ta
008 220917b |||||||| |||| 00| 0 eng d
020 _a0571200990 (hbk)
024 _a240,716
037 _cTextual
040 _aARTS
_cARTS
_beng
041 _2eng
_aeng
082 _aO113,3N27w, 111N9
100 _aGrass Gunter
245 0 _aMy century
260 _aLondon
_bFaber and Faber UK
_c1999
300 _a280p.
_ccm.
650 _aENGLISH LITERATURE
700 _a Heim Michael Henry Tr.
_917836
942 _hO113,3N27w, 111N9
_cTEXL
_2CC
999 _c124696
_d124696